| 000 | 01415nam a2200349 i 4500 | ||
|---|---|---|---|
| 003 | EG-ScBUE | ||
| 005 | 20230503102610.0 | ||
| 008 | 180514s2000 cc a f bc 000 0 chi d | ||
| 020 | _a9787536222106 | ||
| 020 | _a7536222106 | ||
| 040 |
_aEG-ScBUE _beng _erda _cEG-ScBUE _dEG-ScBUE |
||
| 041 | 1 |
_achi _aeng _hchi |
|
| 043 | _aa-cc--- | ||
| 082 | 0 | 4 |
_a730.951 _bSEL _222 |
| 245 | 1 | 0 |
_a保利藏珍 : _b保利兿術博物館藏石刻佛敎造像精品選 = Bao li cang zhen : Bao li yi shu bo wu guan cang shi ke fo jiao zao xiang jing pin xuan = Selected works of sculpture in the Poly Art Museum. |
| 246 | 3 | 1 |
_aBao li cang zhen : _bBao li yi shu bo wu guan cang shi ke fo jiao zao xiang jing pin xuan |
| 246 | 3 | 1 | _aSelected works of sculpture in the Poly Art Museum |
| 264 | 1 |
_aGuangzhou : _bLingnan Fine Arts Publishing House, _c2000. |
|
| 300 |
_a236 pages : _bcolor illustrations ; _c30 cm |
||
| 336 |
_2rdacontent _atext _btxt |
||
| 337 |
_2rdamedia _aunmediated _bn |
||
| 338 |
_2rdacarrier _avolume _bnc |
||
| 504 | _aIncludes bibliographical references. | ||
| 546 | _aTable of contents and legends also in English. | ||
| 650 | 7 |
_aSculpture, Chinese _zChina _vCatalogs. _2BUEsh |
|
| 650 | 7 |
_aBuddhist sculpture _zChina _vCatalogs. _2BUEsh |
|
| 651 | _2BUEsh | ||
| 653 |
_bCOMAME _bGGEN _cMay2018 |
||
| 655 | _vReading book | ||
| 942 |
_2ddc _cBB |
||
| 999 |
_c26722 _d26694 |
||